Statistiques concernant Anagrammes - Vocabulaire - Série 15

Cliquez ici pour prendre le quiz!

Statistiques générales

  • Ce quiz a été pris 65 fois
  • Le résultat moyen est 7 sur 12

Statistiques - réponses

IndiceAnagrammeMot% Correct
russeLAVESslave
96%
satisfaireSOUSVIRAassouvir
87%
sortieSUIESissue
87%
oiseauxEMUESemeus
81%
completsTERNIESentiers
77%
avertisseurRESINEsirene
57%
prénomGRAMINEEGermaine
53%
bistrotTANTIEMESestaminet
43%
gardeROTIFERESforestier
38%
donnéesILETSliste
34%
baffeENTRAITtartine
26%
tueEVANOUIEinavouee
13%

Distribution des résultats

Percentile par nombre de réponses

% des personnes avec chaque résultat

Votre développement - résultats

Vous n’avez pas pris ce quiz